Fiqar-e-Islami ki tashkeel-e-Nau (Urdu) (Record no. 3758)
[ view plain ]
| 000 -LEADER | |
|---|---|
| fixed length control field | 00424nam a2200157Ia 4500 |
| 001 - CONTROL NUMBER | |
| control field | 3511 |
| 008 - FIXED-LENGTH DATA ELEMENTS--GENERAL INFORMATION | |
| fixed length control field | 140317s9999 xx 000 0 und d |
| 040 ## - CATALOGING SOURCE | |
| Transcribing agency | PK-LaUMT |
| 082 ## - DEWEY DECIMAL CLASSIFICATION NUMBER | |
| Classification number | 297.4 |
| Item number | MUH-F |
| 100 ## - MAIN ENTRY--PERSONAL NAME | |
| Personal name | Muhammad Usman, Prof. |
| 245 ## - TITLE STATEMENT | |
| Title | Fiqar-e-Islami ki tashkeel-e-Nau (Urdu) |
| Statement of responsibility, etc | Muhammad Usman, Prof. |
| 260 ## - PUBLICATION, DISTRIBUTION, ETC. (IMPRINT) | |
| Place of publication, distribution, etc | Lahore,Pakistan: |
| Name of publisher, distributor, etc | Sang-e-Meel Publications, |
| Date of publication, distribution, etc | 1987 |
| 300 ## - PHYSICAL DESCRIPTION | |
| Extent | 222 p. |
| 546 ## - LANGUAGE NOTE | |
| Language note | URDU |
| 942 ## - ADDED ENTRY ELEMENTS (KOHA) | |
| Koha item type | Books |
| Withdrawn status | Lost status | Damaged status | Not for loan | Home library | Current library | Date acquired | Total Checkouts | Full call number | Barcode | Date last seen | Date checked out | Price effective from | Koha item type |
|---|---|---|---|---|---|---|---|---|---|---|---|---|---|
| UMT Main Campus | UMT Main Campus | 2014-03-17 | 1 | 297.4 MUH-F | 420 | 2018-09-26 | 2018-09-19 | 2014-03-17 | Books |
